8th five year plan : (Record no. 128374)

MARC details
000 -LEADER
fixed length control field 00796nam a22002297a 4500
005 - DATE AND TIME OF LATEST TRANSACTION
control field 20170124110038.0
010 ## - LIBRARY OF CONGRESS CONTROL NUMBER
LC control number A-542878
020 ## - INTERNATIONAL STANDARD BOOK NUMBER
Terms of availability 00.00
035 ## - SYSTEM CONTROL NUMBER
System control number A-542878
037 ## - SOURCE OF ACQUISITION
Source of stock number/acquisition Cen Lib/Ret
040 ## - CATALOGING SOURCE
Original cataloging agency DPL
Language of cataloging EN
082 ## - DEWEY DECIMAL CLASSIFICATION NUMBER
Classification number 338.954
Item number CHA
100 ## - MAIN ENTRY--PERSONAL NAME
Personal name Chandran E.
9 (RLIN) 102032
245 ## - TITLE STATEMENT
Title 8th five year plan :
Statement of responsibility, etc by E. Chandran
Remainder of title planning process & a critical evaluation of the eight five year paln 1992-97 /
246 ## - VARYING FORM OF TITLE
Title proper/short title eight five year plan
Remainder of title planning process & a critical evaluation of the eight five year paln 1992-97 /
260 ## - PUBLICATION, DISTRIBUTION, ETC. (IMPRINT)
Place of publication, distribution, etc New Delhi
Name of publisher, distributor, etc Cosmos Bookhive
270 ## - ADDRESS
Address CB-349, Ring road Naraina
City New Delhi
Postal code 110028
300 ## - PHYSICAL DESCRIPTION
Extent 179p.
Dimensions 19cm(Hb)
650 ## - SUBJECT ADDED ENTRY--TOPICAL TERM
Topical term or geographic name as entry element Five year plan
9 (RLIN) 23204
650 ## - SUBJECT ADDED ENTRY--TOPICAL TERM
Topical term or geographic name as entry element Economics
9 (RLIN) 102033
942 ## - ADDED ENTRY ELEMENTS (KOHA)
Source of classification or shelving scheme Dewey Decimal Classification
Koha item type English Books
Classification part 338.954
Call number suffix CHA
Holdings
Withdrawn status Lost status Damaged status Not for loan Home library Current library Date acquired Source of acquisition Cost, normal purchase price Total Checkouts Full call number Barcode Date last seen Copy number Cost, replacement price Price effective from Koha item type Public note
Written off       Central Library Central Library 02/07/2015 Cen Lib/Ret 0.00   338.954 CHA A-542878 02/07/2015 1 0.00 02/07/2015 English Books Written off on approval by DLB (By Circulation); dtd 15-06-2023

© Delhi Public Library
Hit Counter
free hit counter